<?xml version="1.0" encoding="UTF-8"?>
<marc:record xmlns:marc="http://www.loc.gov/MARC21/slim">
   <marc:leader>00000nam a2200000 a 4500</marc:leader>
   <marc:datafield ind1="1" ind2=" " tag="100">
      <marc:subfield code="a">Hamsun, Knut</marc:subfield>
      <marc:subfield code="4">aut</marc:subfield>
      <marc:subfield code="e">Verfasser/-in</marc:subfield>
   </marc:datafield>
   <marc:datafield ind1=" " ind2=" " tag="653">
      <marc:subfield code="a">P2021</marc:subfield>
   </marc:datafield>
   <marc:datafield ind1="0" ind2="0" tag="245">
      <marc:subfield code="a">Segen der Erde</marc:subfield>
   </marc:datafield>
   <marc:datafield ind1=" " ind2="1" tag="264">
      <marc:subfield code="b">Ullstein</marc:subfield>
      <marc:subfield code="c">2020</marc:subfield>
   </marc:datafield>
   <marc:datafield ind1="1" ind2=" " tag="490">
      <marc:subfield code="a">Literaturnobelpreisträger</marc:subfield>
   </marc:datafield>
   <marc:datafield ind1="1" ind2=" " tag="520">
      <marc:subfield code="a">Der wohl bekannteste Roman Knut Hamsuns erzählt die Geschichte von Isak, einem einfachen Bauern, der das karge norwegische Land urbar macht. Mit "Segen der Erde" hat Knut Hamsun einen Klassiker geschaffen, der mit einer schlichten Sprache von fast biblischer Kraft einen Blick in eine vergangene Welt eröffnet und bis heute Norwegens Autoren beeinflusst. Für dieses Buch erhielt Knut Hamsun den Literaturnobelpreis.</marc:subfield>
   </marc:datafield>
   <marc:datafield ind1=" " ind2=" " tag="020">
      <marc:subfield code="a">9783548290577</marc:subfield>
      <marc:subfield code="9">9783548290577</marc:subfield>
   </marc:datafield>
</marc:record>
